00751nam a2200229 i 4500001000700000003000900007005001700016007000300033008004100036080001600077100003500093245003800128260003300166300003000199490002700229600003500256700003400291830003500325852002100360999001900381952012100400114909ES-MaACL20230906190301.0t|070209s1947 sp ||||1| spa d a1(Séneca)1 aSéneca, Lucio Anneo.910545110aSéneca / cJuan Francisco Yela. aBarcelona : bLabor, c1947. a272 p. : bil. ; c18 cm.1 aClásicos Labor ; v514aSéneca, Lucio Anneo.91054511 aYela, Juan Francisco.91176110 aClásicos Labor ; v59185822 aES-MaACLjE-3899 c114909d114909 00104070aATENEOMbATENEOMcDEPO2d2008-01-17eSCl0oE-3899p1119828r2023-02-23 00:00:00w2023-02-23yMONOGRAFIA